Countries in Doctor Who (2005-Onwards) - Statistics

General Stats
  • This quiz has been taken 20 times
    15 since last reset
  • The average score is 18 of 24
Answer Stats
Doctor incarnations Episodes Answer % Correct
10th, 11th, 13th The Girl in the Fireplace, Vincent and the Doctor, Spyfall: Part 2 France
100%
11th Let's Kill Hitler Germany
100%
10th, 11th, 13th The Fires of XXXX, The Vampires of XXXX, The Power of the Doctor Italy
100%
9th, 10th, 11th, 12th, 13th Many episodes United Kingdom
100%
9th, 10th, 11th, 12th, 13th Dalek, Daleks in XXXX, Evolution of the Daleks, The Stolen Earth, The Impossible Astronaut, The Day of the Moon, The Wedding of River Song, A Town Called Mercy, The Angels Take XXXX, The Zygon Invasion, Hell Bent, Extremis, Rosa, Nikola Tesla's Night of Terror United States
100%
12th, 13th The Pilot, Spyfall: Part 1 Australia
88%
13th Praxeus, Survivors of the Flux, Legend of the Sea Devils China
88%
13th Demons of the XXXX India
88%
13th Orphan 55, The Power of the Doctor Russia
88%
12th Twice Upon a Time Belgium
75%
13th Revolution of the Daleks Japan
75%
13th Survivors of the Flux Mexico
75%
10th, 13th Doomsday, It Takes You Away Norway
75%
13th Demons of the XXXX Pakistan
75%
12th, 13th Extremis, The Haunting of Villa Diodati Switzerland
75%
13th The Power of the Doctor Bolivia
63%
11th Dinosaurs on a Spaceship Egypt
63%
12th Extremis Vatican City
63%
13th Praxeus Madagascar
50%
13th Praxeus Peru
50%
13th Can You Hear Me? Syria
50%
13th Survivors of the Flux Türkiye
50%
13th Survivors of the Flux Nepal
38%
13th The Vanquishers Chile
25%
No matching quizzes found
Score Distribution
Percent of People with Each Score
Percentile by Number Answered
Your Score History
You have not taken this quiz since the last reset